000 00434cam a22001097a 4500
008 180718b1972 xxu||||| |||| 00| 0 eng d
082 _aLo65mx42 Un3 69-70
245 _aLocal government financial statistics: England and Wales England Wales 1969-70
_cby Department of the environmetn welsh office
260 _aLondon
_bHer Majesty's Stationery's Office
_c1972
300 _a58p
700 _aU.K. Department of the environmetn welsh office
999 _c415961
_d415961